Liechtensteinische Volkszählung 1990

Saved in:
Bibliographic Details
Format: Book
Language:German
Published: Vaduz Amt für Volkswirtschaft 1990
Edition:1. Aufl.
Subjects:
Tags: Add Tag
No Tags, Be the first to tag this record!

MARC

LEADER 00000nam a2200000 4500
001 c021915
005 20221206123006.2
041 0 |a ger 
044 |a LI 
245 1 0 |a Liechtensteinische Volkszählung 1990 
250 |a 1. Aufl. 
264 1 |a Vaduz  |b Amt für Volkswirtschaft  |c 1990 
300 |a 548 s. 
610 2 0 |a sčítanie ľudu 
610 2 0 |a obyvateľstvo 
610 2 0 |a štruktúra obyvateľstva 
610 2 0 |a demografia 
610 2 0 |a údaje štatistické 
610 2 0 |a tabuľky štatistické 
610 2 0 |a Lichtenštajnsko